A First Course in Mathematical Statistics (Record no. 2615)

MARC details
005 - DATE AND TIME OF LATEST TRANSACTION
control field 20250524095719.0
020 ## - INTERNATIONAL STANDARD BOOK NUMBER
International Standard Book Number 521 06750 2
082 ## - DEWEY DECIMAL CLASSIFICATION NUMBER
Classification number LECT 519.5071 WEA
100 ## - MAIN ENTRY--PERSONAL NAME
Author name WEATHERBURN, C. E.
245 ## - TITLE STATEMENT
Title A First Course in Mathematical Statistics
260 ## - PUBLICATION, DISTRIBUTION, ETC.
Place of publication, distribution, etc. London,
Name of publisher, distributor, etc. Cambridge University Press,
Date of publication, distribution, etc. 1968.
300 ## - PHYSICAL DESCRIPTION
Extent xv, 277p.: ill.; figure, table.
Other physical details Index & Reference.
Dimensions 21cm.
942 ## - ADDED ENTRY ELEMENTS (KOHA)
Source of classification or shelving scheme Dewey Decimal Classification
Koha item type Books
Holdings
Date last seen Total checkouts Full call number Barcode Cost, replacement price Price effective from Koha item type Lost status Source of classification or shelving scheme Damaged status Not for loan Withdrawn status Home library Current library Shelving location Date acquired Cost, normal purchase price
05/24/2025   LECT 519.5071 WEA 0000009776 30000.00 05/24/2025 Books   Dewey Decimal Classification       College of Business Education Main Library College of Business Education Main Library General Collection 07/19/1976 10000.00